[Event "III DOLNOSLASKA LIGA SZACHOWA 2019/2020"]
[Site "Dolny Slask"]
[Date "1899-12-30"]
[Round "5.25"]
[White "Kmiecik, Emilia"]
[Black "Skiba, Aleksandra"]
[Result "0-1"]
[WhiteTitle "I+"]
[BlackTitle "I++"]
[WhiteElo "1765"]
[BlackElo "1812"]

1. d4 Nf6 2. c4 g6 3. Nc3 Bg7 4. e4 d6 5. Be2 O-O 6. Nf3 Nbd7 7. O-O e5 8. dxe5
dxe5 9. Bg5 h6 10. Bh4 c6 11. Qd6 Re8 12. Rad1 Qe7 13. Qxe7 Rxe7 14. Rd6 g5 15.
Bg3 Ne8 16. Rd2 Nc7 17. Rfd1 Ne6 18. Bd3 Nd4 19. b4 Nxf3+ 20. gxf3 Nf8 21. Bc2
Ne6 22. Ne2 b6 23. Bb3 Kh7 24. h4 Bb7 25. Rd7 Rae8 26. hxg5 Nd4 27. R7xd4 exd4
28. gxh6 Bxh6 29. Rxd4 c5 30. bxc5 bxc5 31. Rd6 f5 32. Nc3 Bg7 33. Nd5 Bxd5 34.
exd5 Rf7 35. Bf4 Bf8 36. Rc6 Re1+ 37. Kh2 Kg8 38. Be3 f4 39. Bxc5 Rh7+ 40. Kg2
Rg7+ 41. Kh2 Re5 42. Rh6 Bxc5 43. d6 Re2 44. Ba4 Rxf2+ 45. Kh3 Rg3+ 46. Kh4 Rh2#
0-1

[Event "III DOLNOSLASKA LIGA SZACHOWA 2019/2020"]
[Site "Dolny Slask"]
[Date "1899-12-30"]
[Round "5.26"]
[White "Klykow, Lukasz"]
[Black "Daniel, Damian"]
[Result "0-1"]
[WhiteTitle "k+"]
[BlackTitle "k"]
[WhiteElo "2211"]
[BlackElo "2195"]

1. e4 c5 2. Nf3 e6 3. d4 cxd4 4. Nxd4 Nc6 5. Nc3 Qc7 6. Ndb5 Qb8 7. Be3 Nf6 8.
f4 a6 9. e5 axb5 10. exf6 b4 11. Nb5 b6 12. fxg7 Bxg7 13. Nd6+ Ke7 14. Nc4 d5
15. Nxb6 Ra5 16. Bd3 Bxb2 17. Nxc8+ Rxc8 18. Rb1 Bc3+ 19. Bd2 Qxf4 20. Bxc3 bxc3
21. Rb7+ Kd6 22. Rf1 Qe3+ 23. Qe2 Qxe2+ 24. Kxe2 Ne5 25. Rfb1 Rxa2 26. Bxh7 f5
27. Kd1 Nc4 28. h4 Ne3+ 29. Ke2 Nxg2 30. Kd3 Ke5 31. R7b4 Ra7 32. Rg1 Nf4+ 33.
Ke3 d4+ 34. Rxd4 Nd5+ 35. Rxd5+ exd5 36. Bg6 Ra4 37. h5 Re4+ 38. Kd3 Rd4+ 39.
Ke3 Rd2 40. Rg5 Rf8 41. h6 d4+ 42. Kf3 Rxc2 43. h7 Rh2 44. Kg3 Rh1 45. Kg2 c2
46. Kxh1 c1=Q+ 47. Rg1 Qh6+ 48. Kg2 Qxg6+ 49. Kf2 Qxg1+ 50. Kxg1 Rh8 51. Kf2 Rxh7
0-1

[Event "III DOLNOSLASKA LIGA SZACHOWA 2019/2020"]
[Site "Dolny Slask"]
[Date "1899-12-30"]
[Round "5.27"]
[White "Dzikowski, Michal"]
[Black "Zminda, Bogdan"]
[Result "1-0"]
[WhiteTitle "k"]
[BlackTitle "k"]
[WhiteElo "2136"]
[BlackElo "2008"]

1. d4 Nf6 2. Nf3 g6 3. g3 Bg7 4. Bg2 O-O 5. c4 d6 6. O-O c5 7. Nc3 Nc6 8. h3 e5
9. d5 Na5 10. Nd2 a6 11. a4 Bd7 12. e4 Rb8 13. Re1 b5 14. axb5 axb5 15. cxb5 Bxb5
16. Nxb5 Rxb5 17. Qa4 Qb6 18. Bf1 c4 19. b4 Rxb4 20. Qxa5 Qxa5 21. Rxa5 Bh6 22.
Nxc4 Bxc1 23. Rxc1 Nxe4 24. Bg2 Rc8 25. Bxe4 Rcxc4 26. Rxc4 Rxc4 27. Bf3 e4 28.
Bg2 Rd4 29. Ra6 Rxd5 30. Bxe4 Rd4 31. Bc6 Rd1+ 32. Kg2 d5 33. Ra8+ Kg7 34. Rd8
d4 35. Ba4 Rd2 36. Kf1 d3 37. Bb5 Rd1+ 38. Kg2 d2 39. Be2 Re1 40. Rxd2 Kf6 41.
Bf3 Re7 42. Rd6+ Kg7 43. Bd5 h6 44. Kf3 Rc7 45. Rb6 Rc5 46. Ke4 Rc2 47. f4 Re2+
48. Kf3 Rd2 49. Bb3 Rd3+ 50. Kf2 Rd7 51. Ke3 Re7+ 52. Kd4 Ra7 53. Bd5 Ra3 54.
Rb3 Ra6 55. Rb7 Rf6 56. Ke4 Rf5 57. g4 Rf6 58. h4 g5 59. hxg5 hxg5 60. fxg5 1-0

[Event "III DOLNOSLASKA LIGA SZACHOWA 2019/2020"]
[Site "Dolny Slask"]
[Date "1899-12-30"]
[Round "5.28"]
[White "Wrobel, Maciej"]
[Black "Zareba, Radoslaw"]
[Result "1/2-1/2"]
[WhiteTitle "I++"]
[BlackTitle "k"]
[WhiteElo "1947"]
[BlackElo "2119"]

1. e4 c5 2. Nf3 Nc6 3. d4 cxd4 4. Nxd4 g6 5. c4 Nf6 6. Nc3 Nxd4 7. Qxd4 d6 8. Be2
Bg7 9. Be3 O-O 10. Qd2 a5 11. O-O a4 12. Rac1 Qa5 13. f3 Be6 14. Nd5 Bxd5 15.
Qxa5 Rxa5 16. cxd5 Nd7 17. Rc7 Nc5 18. b4 axb3 19. axb3 Nxb3 20. Rxb7 Nd4 21.
Bd3 Ra3 22. Rd1 e6 23. dxe6 Nxe6 24. Bc1 Ra1 25. Rb1 Rfa8 26. Be3 Rxb1 27. Bxb1
Be5 1/2-1/2

[Event "III DOLNOSLASKA LIGA SZACHOWA 2019/2020"]
[Site "Dolny Slask"]
[Date "1899-12-30"]
[Round "5.29"]
[White "Stelmaszuk, Maciej"]
[Black "Lesniak, Szymon"]
[Result "1-0"]
[WhiteTitle "I"]
[BlackTitle "II+"]
[WhiteElo "1957"]
[BlackElo "1592"]

1. d4 d5 2. c4 e6 3. Nc3 Be7 4. Nf3 Nf6 5. Bg5 h6 6. Bh4 O-O 7. e3 Nbd7 8. cxd5
Nxd5 9. Bg3 c5 10. Qb3 cxd4 11. exd4 N7f6 12. Bd3 Nb4 13. Bb1 Nc6 14. Be5 Bd6
15. O-O b6 16. Nb5 Bxe5 17. dxe5 Nd5 18. Qc2 g6 19. Qxc6 Ba6 20. a4 Rc8 21. Qd6
Qe8 22. Qa3 Bxb5 23. axb5 Qxb5 24. Bd3 Qb4 25. Ba6 Qg4 26. h3 Qh5 27. Bxc8 Rxc8
28. Rac1 1-0

[Event "III DOLNOSLASKA LIGA SZACHOWA 2019/2020"]
[Site "Dolny Slask"]
[Date "1899-12-30"]
[Round "5.30"]
[White "Wrobel, Ewelina"]
[Black "Owczarek, Monika"]
[Result "1/2-1/2"]
[WhiteTitle "I"]
[BlackTitle "I"]
[WhiteElo "1741"]
[BlackElo "1422"]

1. e4 c5 2. Nf3 Nc6 3. Bb5 g6 4. O-O Bg7 5. c3 Nf6 6. e5 Nd5 7. d4 cxd4 8. cxd4
O-O 9. Nc3 Nxc3 10. bxc3 Qa5 11. Qb3 Qc7 12. Ba3 a6 13. Bd3 b5 14. Rac1 Re8 15.
Ng5 Rf8 16. Ne4 Na5 17. Qb4 Re8 18. Rfe1 Bb7 19. Nc5 Bd5 20. Rc2 Nc4 21. Bc1 d6
1/2-1/2

[Event "III DOLNOSLASKA LIGA SZACHOWA 2019/2020"]
[Site "Dolny Slask"]
[Date "1899-12-30"]
[Round "6.1"]
[White "Pyka, Roman"]
[Black "Daniel, Damian"]
[Result "1/2-1/2"]
[WhiteTitle "k"]
[BlackTitle "k"]
[WhiteElo "1853"]
[BlackElo "2195"]

1. d4 Nf6 2. Nf3 e6 3. c4 c5 4. Nc3 cxd4 5. Nxd4 Bb4 6. Ndb5 d5 7. Bf4 Na6 8. a3
Be7 9. e3 O-O 10. Be2 dxc4 11. Qxd8 Rxd8 12. Bxc4 Bd7 13. O-O Nc5 14. Rfd1 a6
15. Nd4 h6 16. h3 Kf8 17. Be2 Na4 18. Nxa4 Bxa4 19. b3 Be8 20. Bf3 Nd5 21. Bg3
Rac8 22. b4 Ba4 23. Rdc1 Bf6 24. Bd6+ Ke8 25. Bxd5 exd5 26. Bc5 Kd7 27. Kf1 Re8
28. Ke2 g6 29. Kd3 h5 1/2-1/2

[Event "III DOLNOSLASKA LIGA SZACHOWA 2019/2020"]
[Site "Dolny Slask"]
[Date "1899-12-30"]
[Round "6.2"]
[White "Dzikowski, Michal"]
[Black "Gromczak, Dariusz"]
[Result "1-0"]
[WhiteTitle "k"]
[BlackTitle "I+"]
[WhiteElo "2136"]
[BlackElo "1818"]

1. d4 b6 2. Bf4 Bb7 3. e3 g6 4. Nf3 Bg7 5. Be2 d6 6. c3 Nd7 7. h3 e5 8. Bh2 Ne7
9. a4 O-O 10. a5 Nc6 11. a6 Bc8 12. Bb5 Ncb8 13. Qa4 exd4 14. cxd4 c6 15. Bxc6
Nxc6 16. Qxc6 Bxa6 17. Nc3 Nb8 18. Qxa8 1-0

[Event "III DOLNOSLASKA LIGA SZACHOWA 2019/2020"]
[Site "Dolny Slask"]
[Date "1899-12-30"]
[Round "6.4"]
[White "Mondrzycki, Bartlomiej"]
[Black "Gorecki, Janusz"]
[Result "1-0"]
[WhiteTitle "I+"]
[BlackTitle "I"]
[WhiteElo "2128"]
[BlackElo "1775"]

1. e4 c5 2. Nc3 g6 3. f4 Bg7 4. Nf3 Nc6 5. Bb5 a6 6. Bxc6 dxc6 7. d3 Nf6 8. h3
e6 9. O-O O-O 10. Qe1 b6 11. b3 a5 12. Bb2 Nh5 13. e5 f5 14. exf6 Bxf6 15. g3
Ra7 16. Kh2 Raf7 17. Nd1 Ng7 18. Bxf6 Qxf6 19. Nf2 Nf5 20. Ne4 Qb2 21. Rf2 Nd4
22. Ne5 Rc7 23. c3 Nc2 24. Rb1 Nxe1 25. Rfxb2 Nxd3 26. Nxd3 Ba6 27. Ne5 Kg7 28.
c4 h6 29. h4 Bc8 30. Rd1 g5 31. hxg5 hxg5 32. Nxg5 b5 33. Rbd2 a4 34. Rd8 axb3
35. axb3 bxc4 36. bxc4 Rf6 37. Re8 Rh6+ 38. Kg2 Ra7 39. Rxc8 Ra2+ 40. Kf3 Ra3+
41. Kg4 Kf6 42. Rdd8 1-0

[Event "III DOLNOSLASKA LIGA SZACHOWA 2019/2020"]
[Site "Dolny Slask"]
[Date "1899-12-30"]
[Round "6.6"]
[White "Mazurek, Bartosz"]
[Black "Klykow, Lukasz"]
[Result "0-1"]
[WhiteTitle "I"]
[BlackTitle "k+"]
[WhiteElo "1929"]
[BlackElo "2211"]

1. d4 d5 2. c4 Nc6 3. Nc3 Nf6 4. Bf4 Bf5 5. a3 e6 6. e3 Bd6 7. Bg5 Be7 8. Nf3 O-O
9. Be2 h6 10. Bh4 Ne4 11. Bxe7 Nxe7 12. Nxe4 Bxe4 13. O-O c6 14. Nd2 Bh7 15. Qb3
Qc7 16. Rac1 Rab8 17. Bd3 Bxd3 18. Qxd3 Rfd8 19. Nf3 Ng6 20. Rfd1 e5 21. cxd5
Rxd5 22. Qb3 Rbd8 23. dxe5 Rxd1+ 24. Rxd1 Rxd1+ 25. Qxd1 Nxe5 26. Nxe5 Qxe5 27.
Qd8+ Kh7 28. Qd3+ g6 29. Qb3 Qf5 30. h3 b6 31. e4 Qd7 32. h4 h5 33. Kh2 Kg8 34.
Qg3 Qd4 35. Qb8+ Kg7 36. Qf4 Qxb2 37. e5 Qxa3 38. Qf6+ Kg8 39. Qxc6 Qe7 40. Qa8+
Kg7 41. Qe4 b5 42. g3 Qe6 43. f3 a5 44. g4 Qc4 0-1

[Event "III DOLNOSLASKA LIGA SZACHOWA 2019/2020"]
[Site "Dolny Slask"]
[Date "1899-12-30"]
[Round "6.7"]
[White "Wrobel, Maciej"]
[Black "Kawaler, Adam"]
[Result "1-0"]
[WhiteTitle "I++"]
[BlackTitle "I"]
[WhiteElo "1947"]
[BlackElo "1836"]

1. e4 e6 2. d4 d5 3. Bd3 dxe4 4. Bxe4 Nf6 5. Bf3 c5 6. Ne2 Nc6 7. Be3 Qb6 8. Nbc3
cxd4 9. Nxd4 Qxb2 10. Ndb5 Bb4 11. O-O O-O 12. Rb1 Bxc3 13. Rxb2 Bxb2 14. c3 Na5
15. Qa4 Bd7 16. Qxa5 1-0

[Event "III DOLNOSLASKA LIGA SZACHOWA 2019/2020"]
[Site "Dolny Slask"]
[Date "1899-12-30"]
[Round "6.8"]
[White "Wieczorek, Mikolaj"]
[Black "Olszewski, Pawel"]
[Result "1-0"]
[WhiteTitle "I"]
[BlackTitle "II+"]
[WhiteElo "1837"]
[BlackElo "1845"]

1. d4 Nf6 2. c4 c5 3. d5 b5 4. cxb5 a6 5. b6 d6 6. Nc3 Qxb6 7. Nf3 g6 8. g3 Bg7
9. Bg2 Bf5 10. e4 Bg4 11. Qa4+ Nfd7 12. Nd2 O-O 13. h3 Ne5 14. hxg4 Nd3+ 15. Ke2
c4 16. Nxc4 Qxf2+ 17. Kxd3 Qxg2 18. Bf4 Rc8 19. Rhg1 Qf2 20. Be3 Qf6 21. Raf1
1-0

[Event "III DOLNOSLASKA LIGA SZACHOWA 2019/2020"]
[Site "Dolny Slask"]
[Date "1899-12-30"]
[Round "6.9"]
[White "Lesniak, Szymon"]
[Black "Halhoul, Adam"]
[Result "1-0"]
[WhiteTitle "II+"]
[BlackTitle "II+"]
[WhiteElo "1592"]
[BlackElo "1491"]

1. c4 Nf6 2. g3 g6 3. Bg2 Bg7 4. Nc3 d6 5. d3 O-O 6. Rb1 a5 7. a3 c6 8. e4 Ng4
9. Nge2 Na6 10. O-O Bd7 11. h3 Nf6 12. b4 axb4 13. axb4 b5 14. cxb5 cxb5 15. d4
Rc8 16. e5 Ne8 17. Bb7 Bxh3 18. Bxc8 Qxc8 19. Re1 dxe5 20. dxe5 Bxe5 21. Nd5 Qb7
22. Bf4 Nf6 23. Bxe5 Nxd5 24. f3 f6 25. Nf4 Nxf4 26. Bxf4 g5 27. Be3 h5 1-0

[Event "III DOLNOSLASKA LIGA SZACHOWA 2019/2020"]
[Site "Dolny Slask"]
[Date "1899-12-30"]
[Round "6.10"]
[White "Luniewska, Daria"]
[Black "Wrobel, Ewelina"]
[Result "1/2-1/2"]
[WhiteTitle "I"]
[BlackTitle "I"]
[WhiteElo "1346"]
[BlackElo "1741"]

1. d4 d5 2. Nf3 e6 3. Bg5 Nf6 4. e3 Bd6 5. Bd3 c6 6. Nbd2 Nbd7 7. c3 e5 8. dxe5
Nxe5 9. Nxe5 Bxe5 10. Nf3 Bc7 11. Bc2 Bg4 12. Qd4 Bxf3 13. gxf3 Qe7 14. Bxf6 gxf6
15. Qg4 Qe5 16. f4 Qe7 17. O-O-O h5 18. Qh3 Qd6 19. Rde1 Bb6 20. Rhg1 Ke7 21.
Rg7 Raf8 22. Reg1 Kd8 23. Rh7 Qe7 24. Qf5 Bxe3+ 25. Kb1 Bxf2 1/2-1/2

[Event "III DOLNOSLASKA LIGA SZACHOWA 2019/2020"]
[Site "Dolny Slask"]
[Date "1899-12-30"]
[Round "6.11"]
[White "Kanicki, Krzysztof"]
[Black "Lipien, Wieslaw"]
[Result "1/2-1/2"]
[WhiteTitle "k+"]
[BlackTitle "I++"]
[WhiteElo "2144"]
[BlackElo "2040"]

1. e4 c5 2. Nf3 d6 3. d4 cxd4 4. Nxd4 Nf6 5. Nc3 a6 6. Be3 e5 7. Nb3 Be6 8. f3
h5 9. Be2 Nbd7 10. Nd5 Nxd5 11. exd5 Bf5 12. Qd2 Rc8 13. c4 b6 14. O-O Be7 15.
f4 Be4 16. Bd3 Bxd3 17. Qxd3 O-O 18. Rac1 Bf6 19. Qe2 exf4 20. Bxf4 Ne5 21. Nd4
Re8 22. Qxh5 Nd3 23. Nc6 Rxc6 24. dxc6 b5 25. cxb5 Qb6+ 26. Kh1 axb5 27. c7 Nxc1
28. Rxc1 Qxc7 29. h3 Qb6 1/2-1/2

[Event "III DOLNOSLASKA LIGA SZACHOWA 2019/2020"]
[Site "Dolny Slask"]
[Date "1899-12-30"]
[Round "6.12"]
[White "Kmiecik, Wojciech"]
[Black "Dytman, Radoslaw"]
[Result "0-1"]
[WhiteTitle "I+"]
[BlackTitle "I"]
[WhiteElo "1947"]
[BlackElo "1758"]

1. d4 d6 2. Nf3 Nf6 3. Bf4 Nbd7 4. e3 b6 5. Bd3 Bb7 6. Nbd2 e6 7. h3 Be7 8. O-O
O-O 9. e4 d5 10. e5 Ne4 11. Qe2 f5 12. exf6 Ndxf6 13. Ng5 Qd7 14. Rae1 Rae8 15.
Ndxe4 Nxe4 16. Qh5 Bxg5 17. Bxg5 Rf5 18. f4 Ng3 19. Qf3 Nxf1 20. Rxf1 Rf7 21.
Qh5 g6 22. Qe2 Qd6 23. Rf3 c5 24. c3 Qf8 25. Re3 cxd4 26. Rxe6 Rxe6 27. Qxe6 dxc3
28. bxc3 Qc8 29. Qe5 Qc5+ 30. Kh2 Qc7 31. Qe8+ Rf8 32. Qe6+ Qf7 33. Qd6 Bc8 34.
Bc2 Qe6 35. Qb4 Ba6 36. Qa3 Bf1 37. Bb3 Qe4 38. Qb2 Bc4 39. Bc2 Qe2 40. Qb1 Kg7
41. Bd1 Qd3 42. Qb4 Rf7 43. Bf3 Bxa2 44. Bg4 Qe4 45. Qd6 h6 46. Bf3 Qe3 47. Bh5
gxh5 48. Qxh6+ Kg8 49. Bf6 Rxf6 50. Qxf6 Qe2 51. f5 Qe8 52. Qg5+ Kh7 53. f6 Qf7
54. Qf5+ Kg8 55. Qc8+ Qf8 56. Qf5 Qf7 57. g4 hxg4 58. Qg5+ Kf8 59. hxg4 Bb1 60.
Qh6+ Ke8 61. Qe3+ Be4 62. Qf4 Kd7 63. Qe5 Qe6 64. Qg5 Ke8 65. Qg7 Qf7 66. Qg5
Qc7+ 67. Kg1 0-1

[Event "III DOLNOSLASKA LIGA SZACHOWA 2019/2020"]
[Site "Dolny Slask"]
[Date "1899-12-30"]
[Round "6.13"]
[White "Zerebiec, Maurycy"]
[Black "Mucha, Tomasz"]
[Result "1/2-1/2"]
[WhiteTitle "I"]
[BlackTitle "II"]
[WhiteElo "1825"]
[BlackElo "1475"]

1. c4 e5 2. Nc3 Nf6 3. e4 Bc5 4. g3 d6 5. h3 a6 6. Nge2 Nc6 7. Bg2 Be6 8. d3 Qd7
9. Nd5 h6 10. Be3 Bxd5 11. cxd5 Bxe3 12. dxc6 Bxf2+ 13. Kxf2 Qxc6 14. Qd2 O-O-O
15. Nc3 Nh5 16. Nd5 Qc5+ 17. d4 Qa7 18. Rac1 c6 19. g4 Nf6 20. Nxf6 gxf6 21. Rhd1
h5 22. Bf3 hxg4 23. Bxg4+ Kb8 24. Kf1 Qb6 25. Qf2 Rdg8 26. d5 c5 27. Rc3 Rxg4
28. Rb3 Qxb3 29. axb3 Rf4 30. Qxf4 exf4 31. Kg2 Rh4 32. Kh2 f3 33. Kg3 Rxe4 34.
Kxf3 Re5 35. h4 Kc8 36. Kg4 Kd8 37. h5 Rg5+ 38. Kh4 Ke8 39. Rf1 Rxd5 40. h6 Kf8
41. Rxf6 Rd1 42. Kg5 Kg8 43. h7+ Kxh7 44. Rxf7+ Kg8 45. Rxb7 Kf8 46. Kf6 Rf1+
47. Ke6 Rd1 48. Rb6 Rd3 1/2-1/2

[Event "III DOLNOSLASKA LIGA SZACHOWA 2019/2020"]
[Site "Dolny Slask"]
[Date "1899-12-30"]
[Round "6.14"]
[White "Wilk, Aleksander"]
[Black "Marko, Piotr"]
[Result "1-0"]
[WhiteTitle "II"]
[BlackTitle "I"]
[WhiteElo "1383"]
[BlackElo "1820"]

1. e4 e5 2. Nf3 Nc6 3. Bc4 Nf6 4. d3 Be7 5. c3 O-O 6. O-O d5 7. exd5 Nxd5 8. Qe2
Bf6 9. Be3 Re8 10. Nbd2 g6 11. Ne4 Bg7 12. Bg5 Nce7 13. Bxd5 Qxd5 14. Bf6 Nc6
15. Nfg5 h6 16. Bxg7 Kxg7 17. Nh7 Re6 18. Qf3 f5 19. h4 Ne7 20. Nhf6 Qc6 21. Qg3
fxe4 22. Nxe4 Nf5 23. Qg4 Re7 24. Qd1 Nxh4 25. f4 exf4 26. Rxf4 g5 27. Rf6 Re6
28. Rf2 Re7 29. Rf6 Qd5 30. Qh5 Be6 31. Qxh6+ Kg8 32. Rg6+ Nxg6 33. Nf6+ Kf7 34.
Nxd5 Bxd5 35. Rf1+ Nf4 36. Qxg5 Ke6 37. Re1+ 1-0

[Event "III DOLNOSLASKA LIGA SZACHOWA 2019/2020"]
[Site "Dolny Slask"]
[Date "1899-12-30"]
[Round "6.16"]
[White "Dzieczkaniec, Piotr"]
[Black "Laszewicz, Pawel"]
[Result "0-1"]
[WhiteTitle "I"]
[BlackTitle "k"]
[WhiteElo "1844"]
[BlackElo "2150"]

1. e4 e5 2. Nf3 Nc6 3. Bc4 Bc5 4. O-O Nf6 5. c3 Nxe4 6. d4 exd4 7. cxd4 Be7 8.
d5 Nb8 9. Re1 Nd6 10. Bd3 O-O 11. Bf4 b6 12. Nc3 Na6 13. Rc1 Nc5 14. Bb1 a5 15.
Ne5 Bf6 16. Ng4 Bg5 17. Bxg5 Qxg5 18. f4 Qxf4 19. Rf1 Qg5 20. Nf6+ gxf6 21. Rf3
Kh8 22. Rg3 Qe5 23. Qg4 f5 24. Qh4 Nce4 25. Nxe4 fxe4 26. Rh3 Qg7 27. Bxe4 Qd4+
28. Kh1 Qxe4 29. Qf6+ Kg8 30. Rg3+ Qg6 31. Qf4 Re8 32. h3 Re4 33. Qf3 Bb7 34.
Rxg6+ hxg6 35. Rxc7 Bxd5 36. Qd3 Ne8 37. Rc1 Nf6 38. Rg1 Rae8 39. Qf3 Re3 40.
Qxf6 Rxh3# 0-1

[Event "III DOLNOSLASKA LIGA SZACHOWA 2019/2020"]
[Site "Dolny Slask"]
[Date "1899-12-30"]
[Round "6.17"]
[White "Machlowski, Slawomir"]
[Black "Gadek, Michal"]
[Result "0-1"]
[WhiteTitle "I+"]
[BlackTitle "II"]
[WhiteElo "2121"]
[BlackElo "1762"]

1. g3 Nf6 2. Bg2 g6 3. c4 Bg7 4. Nc3 c6 5. e4 e5 6. Nge2 d6 7. O-O O-O 8. d4 a5
9. h3 Na6 10. Be3 Qc7 11. Rc1 Qe7 12. Qd2 exd4 13. Bxd4 Nc5 14. Qc2 Nh5 15. Rfe1
f5 16. Rcd1 f4 17. gxf4 Qh4 18. Bxg7 Kxg7 19. Qd2 Bxh3 20. Bxh3 Qxh3 21. Qxd6
Ne6 22. f5 Qg4+ 23. Ng3 Nef4 24. Re3 Rf7 25. Qe5+ Kh6 26. Rd6 Qh3 0-1

[Event "III DOLNOSLASKA LIGA SZACHOWA 2019/2020"]
[Site "Dolny Slask"]
[Date "1899-12-30"]
[Round "6.18"]
[White "Nowakowski, Michal"]
[Black "Majocha, Piotr"]
[Result "0-1"]
[WhiteTitle "II"]
[BlackTitle "I++"]
[WhiteElo "1420"]
[BlackElo "1820"]

1. e4 c5 2. Nc3 Nc6 3. d3 e6 4. Nf3 d6 5. Be3 Nf6 6. Be2 d5 7. Bf4 d4 8. Nb5 Qa5+
9. Nc3 dxc3 10. b3 Be7 11. O-O O-O 12. h3 Nd7 13. Be3 e5 14. Nh2 Qc7 15. Qe1 Nd4
16. Bd1 f5 17. f3 Nb6 18. Qxc3 Be6 19. Bf2 fxe4 20. fxe4 Nd7 21. Nf3 Nxf3+ 22.
Bxf3 b5 23. Kh2 b4 24. Qd2 Nb8 25. a4 Nc6 26. Rae1 Nd4 27. Bd1 Rf7 28. Bg3 Raf8
29. Kg1 Rxf1+ 30. Rxf1 Rxf1+ 31. Kxf1 h6 32. Qf2 Bg5 33. Bh4 Bxh4 34. Qxh4 Qf7+
35. Ke1 Qf6 36. Qg3 Qf4 37. Qg6 Qe3+ 38. Kf1 Qc1 39. Qe8+ Kh7 40. Ke1 Nxc2+ 0-1

[Event "III DOLNOSLASKA LIGA SZACHOWA 2019/2020"]
[Site "Dolny Slask"]
[Date "1899-12-30"]
[Round "6.19"]
[White "Szydelko, Michal"]
[Black "Stasinkiewicz, Aleksander"]
[Result "1-0"]
[WhiteTitle "I"]
[BlackTitle "II"]
[WhiteElo "1770"]
[BlackElo "1691"]

1. e4 e5 2. Nf3 Nc6 3. d4 exd4 4. Nxd4 Qh4 5. Nb5 Qxe4+ 6. Be2 Kd8 7. O-O Nf6 8.
N1c3 Qh4 9. g3 Qh3 10. Bg5 a6 11. Bg4 Qxf1+ 12. Kxf1 axb5 13. Nxb5 Be7 14. Bf3
Ne5 15. Bf4 c6 16. Bxe5 cxb5 17. Qd3 d6 18. Bxd6 Be6 19. Bxe7+ Kxe7 20. Qxb5 1-0

[Event "III DOLNOSLASKA LIGA SZACHOWA 2019/2020"]
[Site "Dolny Slask"]
[Date "1899-12-30"]
[Round "6.20"]
[White "Tust-kopec, Dominika"]
[Black "Trusz, Julia"]
[Result "1/2-1/2"]
[WhiteTitle "k"]
[BlackTitle "I+"]
[WhiteElo "1801"]
[BlackElo "1562"]

1. d4 Nf6 2. c4 c5 3. d5 b5 4. cxb5 a6 5. b6 d6 6. Nc3 Nbd7 7. e4 g6 8. Bd3 Bg7
9. Nge2 O-O 10. O-O Qxb6 11. a4 Ng4 12. a5 Qa7 13. h3 Nge5 14. Bc2 Nf6 15. Kh1
Qc7 16. b3 c4 17. b4 Rb8 18. Rb1 Nh5 19. Nd4 Bd7 20. Kh2 Nd3 21. Nce2 Nxc1 22.
Qxc1 e6 23. Nf3 Rfe8 24. Qd2 Bb5 25. Rfe1 Rbc8 26. Nc3 e5 27. Bd1 Nf6 28. Be2
Qb7 29. Qa2 Qa7 30. Kg1 Re7 31. Nd2 Rec7 32. Nf3 Bh6 33. Nd2 Qd4 34. Nxb5 axb5
35. Nxc4 bxc4 36. b5 Nxe4 37. Rf1 c3 38. b6 c2 39. bxc7 cxb1=Q 40. Qxb1 Qa7 41.
Qxe4 Qxa5 42. Rb1 Qxc7 43. Qb4 Qc5 44. Qb7 Bf4 45. Ra1 Bg3 46. Rf1 e4 47. Kh1
Be5 48. f4 exf3 1/2-1/2

[Event "III DOLNOSLASKA LIGA SZACHOWA 2019/2020"]
[Site "Dolny Slask"]
[Date "1899-12-30"]
[Round "6.22"]
[White "Walentukiewicz, Michal"]
[Black "Kubien, Jerzy"]
[Result "1/2-1/2"]
[WhiteTitle "CM"]
[BlackTitle "FM"]
[WhiteElo "2039"]
[BlackElo "2165"]

1. g3 d5 2. Bg2 c6 3. c4 Nf6 4. Nf3 g6 5. O-O Bg7 6. cxd5 cxd5 7. d4 Nc6 8. Nc3
O-O 9. Ne5 Be6 10. Nxc6 bxc6 11. Bf4 Rc8 12. Be5 Qa5 13. Qa4 1/2-1/2

[Event "III DOLNOSLASKA LIGA SZACHOWA 2019/2020"]
[Site "Dolny Slask"]
[Date "1899-12-30"]
[Round "6.23"]
[White "Helaszek, Edward"]
[Black "Wielosz, Jaroslaw"]
[Result "1-0"]
[WhiteTitle "k"]
[BlackTitle "I++"]
[WhiteElo "2000"]
[BlackElo "1984"]

1. e4 e5 2. Nf3 Nc6 3. Bb5 a6 4. Ba4 Nf6 5. d3 b5 6. Bb3 Be7 7. O-O d6 8. c3 O-O
9. Re1 Na5 10. Bc2 c5 11. Nbd2 Nc6 12. Nf1 Re8 13. Ng3 Bf8 14. h3 d5 15. Bg5 d4
16. Bb3 h6 17. Bxf6 Qxf6 18. Bd5 Bd7 19. Nh2 Rac8 20. Ng4 Qg5 21. Qf3 Be6 22.
a4 dxc3 23. bxc3 b4 24. c4 Nd4 25. Qd1 a5 26. Ne3 g6 27. Kh1 Qh4 28. Nc2 Bg7 29.
Nxd4 exd4 30. Bxe6 Rxe6 31. Qg4 Bf6 32. Nf5 Qg5 33. Ng3 Qxg4 34. hxg4 Bh4 35.
Kh2 Bxg3+ 36. Kxg3 g5 37. Rab1 Kg7 38. Rh1 Rb8 39. Rb3 Rf6 40. f3 Rh8 41. Rh5
Rb6 42. Kf2 Re8 43. f4 gxf4 44. Rxc5 Ra6 45. Rd5 Ree6 46. Kf3 Kg6 47. Rb1 Red6
48. Rh5 Rdb6 49. Rb3 Rf6 50. Rb1 Rfb6 51. Kxf4 Rf6+ 52. Rf5 Rxf5+ 53. gxf5+ Kf6
54. e5+ Ke7 55. Ke4 f6 56. Kxd4 fxe5+ 57. Kxe5 Rc6 58. g4 Rc5+ 59. Kd4 Rc8 60.
Re1+ Kf6 61. c5 h5 62. gxh5 Kxf5 63. Kc4 Rg8 64. c6 1-0

[Event "III DOLNOSLASKA LIGA SZACHOWA 2019/2020"]
[Site "Dolny Slask"]
[Date "1899-12-30"]
[Round "6.24"]
[White "Kowalczyk, Wojciech"]
[Black "Grossmann, Ryszard"]
[Result "0-1"]
[WhiteTitle "II+"]
[BlackTitle "FM"]
[WhiteElo "1948"]
[BlackElo "1944"]

1. e4 c5 2. Nc3 Nc6 3. f4 e6 4. Bc4 a6 5. a4 Nge7 6. d3 d5 7. Bb3 Nd4 8. Nf3 Nxb3
9. cxb3 Nc6 10. O-O Be7 11. Kh1 O-O 12. Ne2 b6 13. Bd2 dxe4 14. dxe4 Bb7 15. Bc3
Qc7 16. Qc2 Rad8 17. Rad1 Rxd1 18. Rxd1 Rd8 19. e5 Rxd1+ 20. Qxd1 Bf8 21. Ng3
b5 22. Ng5 b4 23. Be1 Nd4 24. Qd3 f5 25. Ne2 Qc6 26. Qh3 h6 27. Nxd4 cxd4 28.
Nf3 Qc1 29. Qg3 d3 30. Nd2 Qd1 31. h3 Qe2 32. Qf2 Qh5 33. Kh2 Bd5 34. Qe3 Qd1
35. Bh4 Qc2 36. Be1 Bc5 37. Qg3 Qd1 38. Qh4 Qe2 39. Qg3 Be3 40. Nc4 Bxf4 0-1

[Event "III DOLNOSLASKA LIGA SZACHOWA 2019/2020"]
[Site "Dolny Slask"]
[Date "1899-12-30"]
[Round "6.25"]
[White "Ogonowska, Katarzyna"]
[Black "Rogacka, Natalia"]
[Result "1/2-1/2"]
[WhiteTitle "I++"]
[BlackTitle "I"]
[WhiteElo "1847"]
[BlackElo "1621"]

1. e4 c5 2. Nf3 Nc6 3. d4 cxd4 4. Nxd4 e5 5. Nb5 a6 6. Nd6+ Bxd6 7. Qxd6 Qe7 8.
Qd1 Nf6 9. Nc3 h6 10. a3 O-O 11. Bc4 b5 12. Nd5 Nxd5 13. Bxd5 Bb7 14. Be3 1/2-1/2

[Event "III DOLNOSLASKA LIGA SZACHOWA 2019/2020"]
[Site "Dolny Slask"]
[Date "1899-12-30"]
[Round "6.26"]
[White "Balinski, Damian"]
[Black "Markowski, Piotr"]
[Result "1-0"]
[WhiteTitle "k"]
[BlackTitle "k"]
[WhiteElo "2141"]
[BlackElo "2070"]

1. d4 Nf6 2. c4 e6 3. Nc3 Bb4 4. Qc2 O-O 5. a3 Bxc3+ 6. Qxc3 d5 7. Bg5 b6 8. cxd5
Qxd5 9. Bxf6 gxf6 10. Nf3 Nc6 11. e3 Bb7 12. Bc4 Qh5 13. Be2 Qd5 14. Nd2 Rac8
15. Bf3 Qd7 16. Ne4 Qe7 17. Nxf6+ Qxf6 18. Bxc6 Ba6 19. b4 Rcd8 20. b5 Bc8 21.
O-O a5 22. f4 Kh8 23. Rac1 Rg8 24. Be4 Rg7 25. Qxc7 Qh4 26. Qxb6 Rdg8 27. Rf2
e5 28. dxe5 Bh3 29. Qf6 Qg4 30. b6 Rc8 31. Rxc8+ Qxc8 32. Rc2 Qd7 33. b7 Qd8 34.
Kf2 1-0

[Event "III DOLNOSLASKA LIGA SZACHOWA 2019/2020"]
[Site "Dolny Slask"]
[Date "1899-12-30"]
[Round "6.27"]
[White "Kowalczuk, Mikolaj"]
[Black "Kossobudzki, Robert"]
[Result "1-0"]
[WhiteTitle "I"]
[BlackTitle "I"]
[WhiteElo "1928"]
[BlackElo "2116"]

1. e4 c5 2. Nf3 a6 3. d3 g6 4. g3 Bg7 5. Bg2 b5 6. O-O Bb7 7. a4 d6 8. Re1 Nd7
9. Nc3 b4 10. Nd5 e6 11. Ne3 Ne7 12. h4 Nc6 13. Rb1 Nde5 14. Nh2 Na5 15. f4 Nec6
16. Bd2 Qb6 17. c3 O-O-O 18. Nf3 h6 19. Kh2 d5 20. exd5 exd5 21. Ng4 b3 22. Nge5
Nxe5 23. Nxe5 Bxe5 24. Rxe5 c4 25. Be3 Qc7 26. Qg1 Rd6 27. Bc5 g5 28. Bxd6 Qxd6
29. d4 f6 30. Bh3+ Kb8 31. Re6 Qd8 32. Rbe1 gxh4 33. Qe3 hxg3+ 34. Kg2 Bc6 35.
f5 Rg8 36. Qxh6 Bd7 37. Rxf6 Rh8 38. Qf4+ Kb7 39. Qd6 Nc6 40. Rf7 Kc8 41. Re3
Qc7 42. Qxc7+ Kxc7 43. f6 Rxh3 44. Rxd7+ Kxd7 45. Kxh3 Nd8 46. Kxg3 Kd6 47. Kg4
Kd7 48. Kf5 Kd6 49. Kg6 Kc6 50. Re8 1-0